[Event "World Rapid 2025"]
[Site "Doha QAT"]
[Date "2025.12.26"]
[Round "1.65"]
[White "Henriquez Villagra, Cristobal"]
[Black "Shogdzhiev, Roman"]
[Result "1-0"]
[WhiteTitle "GM"]
[BlackTitle "IM"]
[WhiteElo "2598"]
[BlackElo "2403"]
[WhiteFideId "3409350"]
[BlackFideId "55653537"]
[EventDate "2025.12.26"]
[EventType "rapid"]

1. Nf3 d5 2. g3 Nf6 3. Bg2 g6 4. c4 c6 5. b3 Bg7 6. Bb2 O-O 7. O-O a5 8. Qc1 Re8
9. d4 Bf5 10. Nc3 Ne4 11. Rd1 Nxc3 12. Bxc3 Be4 13. Qf4 Rf8 14. h4 h6 15. Bh3 e6
16. Ne5 Nd7 17. Nxd7 Qxd7 18. f3 Bf5 19. g4 g5 20. hxg5 hxg5 21. Qxg5 Bg6 22. f4
Be4 23. Bg2 Qd8 24. Qh5 Bg6 25. Qh3 f5 26. g5 Kf7 27. Kf2 Qd6 28. Qe3 a4 29. c5
Qc7 30. b4 b5 31. cxb6 Qxb6 32. Rh1 Rh8 33. Bf3 Qb5 34. Qd2 a3 35. e3 Rhb8 36.
Be2 Qa4 37. Qd1 Qa7 38. Rc1 Qc7 39. Kg3 Qd6 40. Bd2 Rh8 41. Qc2 Rxh1 42. Rxh1
Re8 43. Kf2 Rh8 44. Rxh8 Bxh8 45. Qc3 Bg7 46. Qxa3 Bf8 47. Qa7+ Be7 48. Kg2 Qd8
49. b5 c5 50. b6 cxd4 51. Bb4 1-0

[Event "World Rapid 2025"]
[Site "Doha QAT"]
[Date "2025.12.26"]
[Round "1.66"]
[White "Averin, Nikolay"]
[Black "Ganguly, Surya Shekhar"]
[Result "0-1"]
[WhiteTitle "FM"]
[BlackTitle "GM"]
[WhiteElo "2389"]
[BlackElo "2568"]
[WhiteFideId "24250473"]
[BlackFideId "5002150"]
[EventDate "2025.12.26"]
[EventType "rapid"]

1. e4 e5 2. Nf3 Nc6 3. Bb5 a6 4. Ba4 Nf6 5. O-O d6 6. Re1 Bd7 7. c3 g6 8. d4 Bg7
9. Nbd2 O-O 10. Bc2 a5 11. Nf1 a4 12. Ng3 b5 13. h3 Re8 14. Bg5 h6 15. Be3 Qe7
16. Qd2 Kh7 17. Rad1 Reb8 18. Qd3 b4 19. c4 b3 20. axb3 Nb4 21. Qd2 Nxc2 22.
Qxc2 Rxb3 23. c5 Rab8 24. c6 Bc8 25. d5 R8b4 26. Nd2 Rxb2 27. Qc3 Nxe4 28. Ngxe4
f5 29. Nc5 e4 30. Qc1 a3 31. Nc4 dxc5 32. Nxb2 axb2 33. Qxc5 Qxc5 34. Bxc5 Rb5
35. d6 cxd6 36. Bxd6 Bc3 37. Rf1 Rb6 38. c7 Rc6 39. Kh1 Ba6 40. Rg1 Be2 41. Rd5
Ba6 42. Rb1 Bd3 43. Rg1 Ba6 44. Rb1 Bg7 45. Bc5 Rxc7 46. Ba3 Rb7 47. Rd2 Rb3 48.
Bxb2 Bd3 49. Ra1 Bxb2 50. Ra7+ Bg7 51. Rd7 h5 52. h4 Kh6 53. Ra2 Bb5 54. Rb7 Be5
55. g3 e3 56. f3 Bxg3 0-1

[Event "World Rapid 2025"]
[Site "Doha QAT"]
[Date "2025.12.26"]
[Round "1.67"]
[White "Narayanan, S.L."]
[Black "Bai, Adelard"]
[Result "1-0"]
[WhiteTitle "GM"]
[BlackTitle "IM"]
[WhiteElo "2616"]
[BlackElo "2417"]
[WhiteFideId "5058422"]
[BlackFideId "16301188"]
[EventDate "2025.12.26"]
[EventType "rapid"]

1. e4 c5 2. Nf3 Nc6 3. Bb5 d5 4. Nc3 dxe4 5. Nxe4 Nf6 6. Qe2 Nxe4 7. Qxe4 Bd7 8.
b3 a6 9. Bc4 e6 10. Bb2 Qc7 11. O-O-O Na5 12. Be2 c4 13. Kb1 Rc8 14. Ne5 Bb5 15.
Bh5 g6 16. Nxf7 Kxf7 17. Bg4 Qc6 18. Qf4+ Ke8 19. Bxe6 Be7 20. Bxc8 Rf8 21. Qg4
cxb3 22. axb3 Rxf2 23. Rhe1 h5 24. Rxe7+ Kxe7 25. Qh4+ g5 26. Qxf2 Qxc8 27. Re1+ 1-0

[Event "World Rapid 2025"]
[Site "Doha QAT"]
[Date "2025.12.26"]
[Round "1.68"]
[White "Ohanyan, Emin"]
[Black "Donchenko, Alexander"]
[Result "1-0"]
[WhiteTitle "GM"]
[BlackTitle "GM"]
[WhiteElo "2493"]
[BlackElo "2661"]
[WhiteFideId "13312022"]
[BlackFideId "24603295"]
[EventDate "2025.12.26"]
[EventType "rapid"]

1. d4 Nf6 2. Nf3 e6 3. c4 b6 4. g3 Ba6 5. Qc2 c5 6. d5 exd5 7. cxd5 Bb7 8. e4
Qe7 9. Bg2 Qxe4+ 10. Qxe4+ Nxe4 11. O-O Bxd5 12. Re1 f5 13. Nc3 Bc6 14. Nh4 Kf7
15. Bf4 d5 16. Nxf5 Nxc3 17. bxc3 Nd7 18. Rad1 Nf6 19. c4 Rd8 20. Ne3 Ba4 21.
Bxd5+ Nxd5 22. Rxd5 Be7 23. Nf5 Bf6 24. Nd6+ Kg6 25. h4 h6 26. h5+ Kh7 27. Be5
Bxe5 28. Rexe5 Bc6 29. Rd3 Rd7 30. f4 Rhd8 31. Re6 b5 32. Nf7 Rxd3 33. Nxd8 Bf3
34. Nf7 bxc4 35. Re8 Bxh5 36. Rh8+ 1-0

[Event "World Rapid 2025"]
[Site "Doha QAT"]
[Date "2025.12.26"]
[Round "1.69"]
[White "Quparadze, Giga"]
[Black "Nurgaliyev, Sauat"]
[Result "1-0"]
[WhiteTitle "GM"]
[BlackTitle "IM"]
[WhiteElo "2502"]
[BlackElo "2437"]
[WhiteFideId "13602250"]
[BlackFideId "13726285"]
[EventDate "2025.12.26"]
[EventType "rapid"]

1. e4 c5 2. Nf3 d6 3. d4 cxd4 4. Nxd4 Nf6 5. Nc3 a6 6. Nb3 e6 7. g4 b5 8. Bg2
Bb7 9. g5 Nfd7 10. h4 Be7 11. h5 Nc6 12. f4 h6 13. Qg4 hxg5 14. fxg5 Nb4 15. Kd1
Ne5 16. Qg3 g6 17. h6 Rc8 18. a4 Nxc2 19. Kxc2 b4 20. Bf4 Nc4 21. Ne2 e5 22. Bc1
d5 23. Kd1 dxe4+ 24. Ke1 Qd6 25. Nd2 Nxd2 26. Bxd2 O-O 27. Rd1 Rfd8 28. Kf2 Kh7
29. Be3 Qc7 30. Bh3 Ra8 31. Rc1 Qa5 32. Rhd1 Rd3 33. Bg2 Rad8 34. Rxd3 Rxd3 35.
Rc4 b3 36. Bxe4 Bxe4 37. Rxe4 Bd6 38. Qf3 f5 39. gxf6 Rd1 40. Nc3 Rd3 41. Rc4 e4
42. Qxe4 Rxe3 43. Kxe3 Qg5+ 44. Kd3 Qc1 45. Qb7+ Kxh6 1-0

[Event "World Rapid 2025"]
[Site "Doha QAT"]
[Date "2025.12.26"]
[Round "1.70"]
[White "Aziz, Husain"]
[Black "Yakubboev, Nodirbek"]
[Result "0-1"]
[WhiteTitle "IM"]
[BlackTitle "GM"]
[WhiteElo "2256"]
[BlackElo "2691"]
[WhiteFideId "12100293"]
[BlackFideId "14203987"]
[EventDate "2025.12.26"]
[EventType "rapid"]

1. d4 Nf6 2. Nf3 g6 3. Nc3 Bg7 4. e4 d6 5. Be2 O-O 6. O-O a6 7. a4 Nc6 8. Be3
Ng4 9. Bg5 h6 10. Bh4 Nf6 11. Qd2 g5 12. Bg3 Nh5 13. d5 Nb4 14. a5 f5 15. exf5
Bxf5 16. Ra4 Nxg3 17. hxg3 c5 18. dxc6 Nxc6 19. Nd5 e6 20. Nb6 Rb8 21. c4 Qe7
22. b4 Be4 23. Ra3 g4 24. Nh4 Ne5 25. Re3 Bh7 26. Bd1 h5 27. Bc2 Bh6 28. Bxh7+
Qxh7 29. Qxd6 Bxe3 30. Qxe5 Bxb6 31. Qxe6+ Qf7 32. Qxb6 Rbe8 33. Rd1 Re2 34. Rd5
Qxf2+ 35. Qxf2 Rfxf2 36. Rxh5 Rf6 37. Rg5+ Kh7 38. Rxg4 Re1+ 39. Kh2 0-1

[Event "World Rapid 2025"]
[Site "Doha QAT"]
[Date "2025.12.26"]
[Round "1.71"]
[White "Hong, Andrew"]
[Black "George Samir, David"]
[Result "1-0"]
[WhiteTitle "GM"]
[BlackTitle "IM"]
[WhiteElo "2568"]
[BlackElo "2343"]
[WhiteFideId "2099438"]
[BlackFideId "10657789"]
[EventDate "2025.12.26"]
[EventType "rapid"]

1. e4 c5 2. Nf3 d6 3. d4 cxd4 4. Nxd4 Nf6 5. Nc3 a6 6. g3 e6 7. Bg2 Be7 8. g4 h6
9. h4 g6 10. Be3 e5 11. Nf5 gxf5 12. exf5 d5 13. Nxd5 Nxd5 14. Bxd5 h5 15. g5
Nc6 16. Qf3 Bd7 17. g6 Nd4 18. Bxd4 exd4 19. gxf7+ Kf8 20. Rg1 Qa5+ 21. Kd1 Bf6
22. Qe4 Bg7 23. f6 Bg4+ 24. Rxg4 1-0

[Event "World Rapid 2025"]
[Site "Doha QAT"]
[Date "2025.12.26"]
[Round "1.72"]
[White "Cunha, Lucas Aguiar"]
[Black "Idani, Pouya"]
[Result "1/2-1/2"]
[WhiteTitle "FM"]
[BlackTitle "GM"]
[WhiteElo "2263"]
[BlackElo "2611"]
[WhiteFideId "2125404"]
[BlackFideId "12510130"]
[EventDate "2025.12.26"]
[EventType "rapid"]

1. e4 c5 2. Nf3 d6 3. d4 cxd4 4. Nxd4 Nf6 5. Nc3 a6 6. Be2 e5 7. Nb3 Be7 8. Be3
Be6 9. Nd5 Nbd7 10. Qd3 O-O 11. c4 b5 12. cxb5 axb5 13. O-O Bxd5 14. exd5 Nb6
15. Bxb6 Qxb6 16. Qxb5 Qa7 17. Qd3 Rfb8 18. Rfc1 Rb4 19. a3 Rf4 20. Qe3 Qb7 21.
Bf3 Qb5 22. Rc3 Nxd5 23. Qd3 Qxd3 24. Rxd3 e4 25. Rxd5 exf3 26. g3 Rc4 27. Nd2
Rc2 28. Rb1 Bf6 29. Nxf3 Bxb2 30. Rxd6 Bxa3 31. Rd2 Rxd2 32. Nxd2 Rd8 33. Nc4
Bc5 34. Rb5 Rc8 35. Kg2 g6 36. Ne5 Rc7 37. Nd3 Ba7 38. Rb2 Kg7 39. Ra2 h5 40. h4
Bd4 41. Nf4 Be5 42. Nd3 Bd6 43. Ra6 Rd7 44. Ne1 Bb4 45. Nf3 Bc3 46. Rc6 Bf6 47.
Rc2 Kf8 48. Rd2 Ra7 49. Re2 Ra3 50. Ne5 Kg7 51. Nc4 Rd3 52. Ne5 Rd5 53. Nf3 Bc3
54. Rc2 Rd3 55. Re2 Bb4 56. Ne5 Rd5 57. Nf3 f6 58. Rb2 Be7 59. Rd2 Ra5 60. Nd4
Ra6 61. Rc2 Bd6 62. Rc6 Rxc6 63. Nxc6 Kf7 64. Nd4 Bc5 65. Nb3 Bb6 66. f4 Ke6 67.
Kf3 Kd5 68. Nd2 f5 69. Ke2 Bd4 70. Nf3 Bf6 71. Kd3 Bg7 72. Nd2 Bd4 73. Ke2 1/2-1/2

[Event "World Rapid 2025"]
[Site "Doha QAT"]
[Date "2025.12.26"]
[Round "1.73"]
[White "Shimanov, Aleksandr"]
[Black "Dau Khuong Duy"]
[Result "1/2-1/2"]
[WhiteTitle "GM"]
[BlackTitle "IM"]
[WhiteElo "2578"]
[BlackElo "2489"]
[WhiteFideId "4198603"]
[BlackFideId "12424722"]
[EventDate "2025.12.26"]
[EventType "rapid"]

1. d4 Nf6 2. c4 g6 3. Nc3 Bg7 4. e4 d6 5. Be2 O-O 6. Nf3 Na6 7. O-O e5 8. Be3
Qe7 9. dxe5 dxe5 10. Nd5 Qd8 11. Qc2 c6 12. Nxf6+ Bxf6 13. c5 Nc7 14. Rfd1 Qe7
15. b4 Bg4 16. Ne1 Bxe2 17. Qxe2 a5 18. a3 Nb5 19. Qc2 axb4 20. axb4 Bg5 21.
Bxg5 Qxg5 22. Nf3 Qf4 23. Qd3 Kg7 24. g3 Qf6 25. Kg2 Rxa1 26. Rxa1 Rd8 27. Qe3
Qe6 28. h4 h5 29. Rc1 f6 30. Rc2 Nd4 31. Rd2 Qc4 32. Nxd4 exd4 33. Qf4 Rd7 34.
g4 d3 35. gxh5 gxh5 36. Qf5 Rd4 37. Qxh5 Rxe4 38. Qf5 Rg4+ 39. Kf3 Rxh4 40. Rxd3
Rh3+ 41. Qxh3 Qxd3+ 42. Kg2 Qe4+ 43. f3 Qxb4 44. Qd7+ Kh6 45. Qe7 Qb2+ 46. Kh3
Qe5 47. Qf8+ Kh7 48. Qf7+ Kh6 49. Qf8+ 1/2-1/2

[Event "World Rapid 2025"]
[Site "Doha QAT"]
[Date "2025.12.26"]
[Round "1.74"]
[White "Fandi, Mazen"]
[Black "Chanda, Sandipan"]
[Result "0-1"]
[WhiteTitle "FM"]
[BlackTitle "GM"]
[WhiteElo "2304"]
[BlackElo "2490"]
[WhiteFideId "7611625"]
[BlackFideId "5004225"]
[EventDate "2025.12.26"]
[EventType "rapid"]

1. e4 e6 2. d4 d5 3. Nc3 dxe4 4. Nxe4 Nd7 5. Nf3 Ngf6 6. Nxf6+ Nxf6 7. c3 c5 8.
Be2 cxd4 9. Nxd4 a6 10. O-O Bc5 11. Be3 Qe7 12. b4 Ba7 13. Nc2 Bxe3 14. Nxe3 O-O
15. Qb3 e5 16. c4 Be6 17. Qb2 Qc7 18. Rfd1 h5 19. c5 h4 20. h3 e4 21. Rd6 Rfd8
22. Rxd8+ Rxd8 23. Rd1 Rxd1+ 24. Bxd1 Qd7 25. a3 Nd5 26. Qd4 Nxe3 27. Qxd7 Bxd7
28. fxe3 g5 29. Bb3 Kg7 30. Kf2 f5 31. Bd5 Bc6 32. Be6 Kf6 33. Bc8 f4 34. a4 Ke7
35. b5 Kd8 36. Bf5 Bd5 37. Ke2 a5 38. Kf2 Kc7 39. Ke2 b6 40. cxb6+ Kxb6 41. Kd2
Kc5 42. Ke2 Bc4+ 43. Kd2 f3 44. gxf3 exf3 45. Ke1 Bb3 46. b6 Kxb6 47. Bd7 Kc7
48. Bb5 g4 49. Kf2 gxh3 50. Kxf3 Bd5+ 0-1

[Event "World Rapid 2025"]
[Site "Doha QAT"]
[Date "2025.12.26"]
[Round "1.75"]
[White "Ibarra Jerez, Jose Carlos"]
[Black "Sharan, Rao"]
[Result "1/2-1/2"]
[WhiteTitle "GM"]
[BlackTitle "IM"]
[WhiteElo "2532"]
[BlackElo "2341"]
[WhiteFideId "2226332"]
[BlackFideId "5073464"]
[EventDate "2025.12.26"]
[EventType "rapid"]

1. Nf3 Nf6 2. g3 d5 3. Bg2 e6 4. O-O Be7 5. d3 O-O 6. a4 b6 7. e4 Bb7 8. e5 Nfd7
9. d4 c5 10. c3 Nc6 11. Re1 Rc8 12. Bf1 Ndb8 13. Na3 cxd4 14. cxd4 Nb4 15. h4
Ba6 16. Bxa6 N8xa6 17. Bg5 h6 18. Bxe7 Qxe7 19. Re3 Rc6 20. Rc3 Rfc8 21. Nb5
Rxc3 22. bxc3 Nc6 23. Qd3 Nc7 24. Nd6 Ra8 25. Nd2 Ne8 26. Nxe8 Rxe8 27. f4 Na5
28. f5 Rc8 29. Rf1 exf5 30. Rxf5 Qd7 31. Rf3 Nc4 32. Nf1 Nb2 33. Qd2 Nxa4 34.
Rd3 Qg4 35. Kf2 b5 36. Rf3 Nb6 37. Ne3 Nc4 38. Nxc4 Rxc4 39. Qa2 b4 40. Qxa7
bxc3 41. Qa8+ Kh7 42. Qxd5 Rxd4 43. Qc6 Rd2+ 44. Ke1 Qd4 45. Qxc3 Qxc3 46. Rxc3
Rg2 47. Kf1 Ra2 48. Re3 1/2-1/2

[Event "World Rapid 2025"]
[Site "Doha QAT"]
[Date "2025.12.26"]
[Round "1.76"]
[White "Musovic, Armin"]
[Black "Kadric, Denis"]
[Result "0-1"]
[WhiteTitle "FM"]
[BlackTitle "GM"]
[WhiteElo "2190"]
[BlackElo "2543"]
[WhiteFideId "939935"]
[BlackFideId "14403803"]
[EventDate "2025.12.26"]
[EventType "rapid"]

1. a3 Nf6 2. Nf3 d6 3. d3 g6 4. g3 Bg7 5. Bg2 O-O 6. O-O e5 7. Nc3 h6 8. e4 c6
9. h3 Nbd7 10. g4 h5 11. g5 Nh7 12. Be3 f6 13. Qd2 fxg5 14. Nxg5 Nc5 15. b4 Ne6
16. Nxe6 Bxe6 17. f3 g5 18. d4 exd4 19. Bxd4 Be5 20. Bxe5 dxe5 21. Rad1 Qf6 22.
Qe3 Qf4 23. Qc5 Rfe8 24. Rd6 Nf8 25. Ne2 Qh4 26. Kh2 Ng6 27. Ng3 Qf4 28. Rfd1 h4
29. Rxe6 Rxe6 30. Qc4 Re8 31. Rd8 hxg3+ 32. Kh1 Rxd8 33. Qxe6+ Qf7 0-1

[Event "World Rapid 2025"]
[Site "Doha QAT"]
[Date "2025.12.26"]
[Round "1.77"]
[White "Droin, Augustin"]
[Black "Harshavardhan, G B"]
[Result "1-0"]
[WhiteTitle "IM"]
[BlackTitle "IM"]
[WhiteElo "2480"]
[BlackElo "2477"]
[WhiteFideId "45105987"]
[BlackFideId "25059009"]
[EventDate "2025.12.26"]
[EventType "rapid"]

1. e4 e6 2. d4 d5 3. Nc3 Nf6 4. Bg5 dxe4 5. Nxe4 Nbd7 6. Nf3 h6 7. Nxf6+ Nxf6 8.
Bf4 Bd6 9. Ne5 Nd5 10. Bg3 O-O 11. Bd3 Nb4 12. Be2 Bxe5 13. dxe5 Qxd1+ 14. Kxd1
Bd7 15. c3 Nd5 16. Kc2 a5 17. c4 Nb4+ 18. Kc3 Bc6 19. f3 Na6 20. b3 Rfb8 21. Bf2
b5 22. a3 Rb7 23. Bd3 Nb8 24. Rhd1 bxc4 25. bxc4 Nd7 26. Bd4 Nb6 27. Rab1 Rab8
28. Rdc1 Rd8 29. Bc2 Kf8 30. Rd1 Ke8 31. Rb2 Rdb8 32. Rdb1 h5 33. h4 Kd7 34. Kd3
Kc8 35. Bc3 Ra8 36. Bd1 g6 37. g4 Nd7 38. Rxb7 Bxb7 39. gxh5 gxh5 40. f4 Rb8 41.
Ke3 Nb6 42. Kd4 Kd7 43. Bxa5 Rd8 44. Bxb6 cxb6 45. Rxb6 Kc7+ 46. Rd6 Rg8 47.
Bxh5 Rh8 48. Bxf7 Rxh4 49. Bxe6 Rxf4+ 50. Kc5 Rf1 51. Rd7+ Kb8 52. Bd5 Bc8 53.
Rg7 Ra1 54. Rg3 Kc7 55. e6 Rb1 56. Rg7+ Kd8 57. e7+ Ke8 58. Rg8+ 1-0

[Event "World Rapid 2025"]
[Site "Doha QAT"]
[Date "2025.12.26"]
[Round "1.78"]
[White "Sklokin, Sergey"]
[Black "Warmerdam, Max"]
[Result "1-0"]
[WhiteTitle "FM"]
[BlackTitle "GM"]
[WhiteElo "2407"]
[BlackElo "2573"]
[WhiteFideId "55730230"]
[BlackFideId "1048104"]
[EventDate "2025.12.26"]
[EventType "rapid"]

1. e4 c5 2. Nf3 d6 3. d4 cxd4 4. Nxd4 Nf6 5. Nc3 Nc6 6. Bg5 Bd7 7. Qd2 a6 8. f3
e6 9. O-O-O Be7 10. Kb1 Qc7 11. g4 Nxd4 12. Qxd4 O-O 13. Be3 Rfc8 14. Qd2 b5 15.
Ne2 b4 16. g5 Ne8 17. h4 Ba4 18. Rc1 Qa5 19. Nd4 d5 20. e5 Nc7 21. g6 Be8 22.
gxf7+ Kxf7 23. Rg1 Bf8 24. Bh6 Kg8 25. Qf4 Bg6 26. h5 Bxh5 27. Bxg7 Bg6 28. Bf6
Nb5 29. Bd3 Nxd4 30. Bxg6 hxg6 31. Qg4 1-0

[Event "World Rapid 2025"]
[Site "Doha QAT"]
[Date "2025.12.26"]
[Round "1.79"]
[White "Vokhidov, Shamsiddin"]
[Black "Chekh Adm Khedr, Aram"]
[Result "0-1"]
[WhiteTitle "GM"]
[BlackTitle "FM"]
[WhiteElo "2641"]
[BlackElo "2139"]
[WhiteFideId "14204223"]
[BlackFideId "7601948"]
[EventDate "2025.12.26"]
[EventType "rapid"]

1. e4 c5 2. Nf3 Nc6 3. Bb5 e6 4. O-O Nge7 5. d4 cxd4 6. Nxd4 a6 7. Nxc6 Nxc6 8.
Bxc6 bxc6 9. e5 Qc7 10. Bf4 a5 11. Re1 Ba6 12. Nc3 f5 13. Qd2 Rb8 14. b3 Be7 15.
Bg5 Ba3 16. h4 O-O 17. Rad1 Rf7 18. Qe3 Bb4 19. Qg3 f4 20. Qf3 Bxc3 21. Qxc3 h6
22. Rd4 hxg5 23. hxg5 g6 24. Qh3 Rbf8 25. Qh6 Rg7 26. c4 Rf5 27. Red1 Bc8 28.
R4d3 Qxe5 29. Rh3 Rf8 30. Qh8+ Kf7 31. Qh4 d5 32. Rf3 Kg8 33. Rh3 Qe2 34. Rc1 e5
35. Rh1 d4 0-1

[Event "World Rapid 2025"]
[Site "Doha QAT"]
[Date "2025.12.26"]
[Round "1.80"]
[White "Al Hosani, Omran"]
[Black "Grebnev, Aleksey"]
[Result "0-1"]
[WhiteTitle "IM"]
[BlackTitle "GM"]
[WhiteElo "2340"]
[BlackElo "2632"]
[WhiteFideId "9308733"]
[BlackFideId "34189030"]
[EventDate "2025.12.26"]
[EventType "rapid"]

1. e4 c5 2. Nf3 d6 3. Bb5+ Nd7 4. O-O a6 5. Bd3 Ngf6 6. c3 b5 7. Re1 Bb7 8. Bc2
Rc8 9. d3 g6 10. Nbd2 Bg7 11. a4 O-O 12. axb5 axb5 13. d4 e5 14. Nf1 exd4 15.
cxd4 Re8 16. Ng3 Qb6 17. d5 Ng4 18. h3 Nge5 19. Nxe5 Nxe5 20. Rb1 Ra8 21. b3 Ra2
22. Be3 b4 23. Ne2 Ba6 24. Nc1 Ra3 25. Nd3 Nd7 26. Nb2 Ra2 27. Na4 Qa5 28. Bd3
c4 29. Bc2 Bb5 0-1

[Event "World Rapid 2025"]
[Site "Doha QAT"]
[Date "2025.12.26"]
[Round "1.81"]
[White "Makhnev, Denis"]
[Black "Anwoir, Tarik"]
[Result "1-0"]
[WhiteTitle "GM"]
[WhiteElo "2532"]
[BlackElo "2098"]
[WhiteFideId "13707647"]
[BlackFideId "9004904"]
[EventDate "2025.12.26"]
[EventType "rapid"]

1. d4 d5 2. Nf3 c6 3. c4 Nf6 4. Nc3 e6 5. Bg5 Nbd7 6. e3 Qa5 7. Nd2 Bb4 8. Qc2
O-O 9. Be2 Re8 10. O-O a6 11. a3 Bxc3 12. Qxc3 Qc7 13. Bf4 Qd8 14. c5 Nf8 15.
Bd6 Ng6 16. f3 Nd7 17. Bd3 Qf6 18. f4 Qd8 19. b4 f5 20. a4 Nf6 21. b5 axb5 22.
axb5 Bd7 23. Rxa8 Qxa8 24. Ra1 Qc8 25. b6 Qd8 26. Ra7 Bc8 27. Qa1 Ng4 28. Qe1
Nh6 29. Nb3 Nf7 30. Bc7 Qf6 31. Na5 Nd8 32. h3 Nh8 33. Ra8 Bd7 34. Rb8 Nhf7 35.
Nxb7 Nxb7 36. Rxb7 g5 37. fxg5 Nxg5 38. Qg3 Qg6 39. Be5 Re7 40. h4 Nf7 41. Qxg6+
hxg6 42. Bf6 1-0

[Event "World Rapid 2025"]
[Site "Doha QAT"]
[Date "2025.12.26"]
[Round "1.82"]
[White "Anand, Tsogtbileg"]
[Black "Makarian, Rudik"]
[Result "0-1"]
[WhiteTitle "CM"]
[BlackTitle "GM"]
[WhiteElo "1968"]
[BlackElo "2524"]
[WhiteFideId "4926552"]
[BlackFideId "44105681"]
[EventDate "2025.12.26"]
[EventType "rapid"]

1. d4 Nf6 2. c4 e6 3. g3 d5 4. Bg2 Bb4+ 5. Nd2 Nc6 6. Nf3 a5 7. O-O a4 8. a3
Bxd2 9. Bxd2 dxc4 10. e3 Ra6 11. Ne5 Nxe5 12. dxe5 Nd7 13. Qg4 O-O 14. Bc3 b5
15. Rad1 Qe7 16. Be4 f5 17. exf6 Nxf6 18. Bxf6 Qxf6 19. Qh5 g6 20. Qxb5 Rb6 21.
Qxc4 Ba6 22. Qxc7 Rxb2 23. f4 Bxf1 24. Rxf1 Qd8 25. Qc3 Qd2 26. Qxd2 Rxd2 27.
Bc6 Rb8 28. Rf2 Rxf2 29. Kxf2 Rb2+ 30. Kf3 Rxh2 31. Bxa4 Kf7 32. Bb5 Ra2 33. a4
Kf6 34. Ke4 Ke7 35. Kf3 Rb2 36. Bd3 Rb3 37. Be2 Ra3 38. Bb5 Ra1 39. Ke4 Kd6 40.
Be8 Rg1 41. Kf3 e5 42. Bb5 Kd5 43. fxe5 Rb1 44. e6 Kxe6 45. Bc4+ Ke5 46. a5 Ra1
47. a6 Ra4 48. Bd3 Kf6 49. Bb5 Ra5 50. Bd3 Ke5 51. Bf1 h5 52. Bd3 g5 53. Bg6 g4+
54. Kf2 Kf6 55. Bd3 Ra2+ 56. Be2 h4 57. a7 Kg5 58. gxh4+ Kxh4 59. e4 g3+ 60. Kf3
Kh3 61. Bf1+ Kh2 62. e5 Rxa7 63. Ke4 0-1

[Event "World Rapid 2025"]
[Site "Doha QAT"]
[Date "2025.12.26"]
[Round "1.83"]
[White "Sahidi, Samir"]
[Black "Fates, Omer Salah"]
[Result "1-0"]
[WhiteTitle "IM"]
[WhiteElo "2516"]
[BlackElo "2079"]
[WhiteFideId "14936372"]
[BlackFideId "9212035"]
[EventDate "2025.12.26"]
[EventType "rapid"]

1. e4 e6 2. d4 d5 3. Nc3 Nf6 4. e5 Nfd7 5. f4 c5 6. Nf3 Nc6 7. Be3 a6 8. Qd2 Rb8
9. dxc5 Nxc5 10. Nd4 Qc7 11. Bd3 Qb6 12. Rb1 Nxd3+ 13. Qxd3 Qc7 14. O-O Bd7 15.
Kh1 b5 16. Nce2 Na5 17. b3 Nb7 18. b4 Qc4 19. Qd2 Be7 20. a3 g6 21. Rb3 Qc7 22.
Qe1 O-O 23. Bf2 Rfc8 24. Bh4 Qd8 25. Bxe7 Qxe7 26. Rh3 Rc4 27. c3 Rbc8 28. Rg3
Kh8 29. Ng1 Nd8 30. Qd2 Nc6 31. Nge2 Nxd4 32. Nxd4 Be8 33. Nb3 d4 34. cxd4 Rc2
35. Qd3 R8c4 36. Na5 Rc7 37. d5 exd5 38. Qxd5 Bd7 39. h3 Rc8 40. Qb7 Qe6 41. Rd1
R2c7 42. Qe4 Qe7 43. Kh2 Bf5 44. Qe3 Rc2 45. Rd6 Ra2 46. Qd4 Kg8 47. Nc6 Qb7 48.
Rd8+ Rxd8 49. Qxd8+ Kg7 50. Qf6+ Kg8 51. Ne7+ Kf8 52. Nxf5 gxf5 53. Qd8# 1-0

[Event "World Rapid 2025"]
[Site "Doha QAT"]
[Date "2025.12.26"]
[Round "1.84"]
[White "Phuyal, Aashish"]
[Black "Rakhmanov, Aleksandr"]
[Result "0-1"]
[BlackTitle "GM"]
[WhiteElo "1955"]
[BlackElo "2585"]
[WhiteFideId "12312649"]
[BlackFideId "4173708"]
[EventDate "2025.12.26"]
[EventType "rapid"]

1. e4 d5 2. exd5 Qxd5 3. Nc3 Qd6 4. Nf3 Nf6 5. Be2 g6 6. O-O Bg7 7. Nb5 Qd8 8.
d4 a6 9. Na3 O-O 10. Nc4 Nbd7 11. a4 a5 12. Nfe5 c6 13. Bf4 Nd5 14. Bg3 Nxe5 15.
Bxe5 Bh6 16. Re1 Be6 17. Bg4 Bxg4 18. Qxg4 b5 19. Qh4 bxc4 20. Qxh6 f6 21. Bg3
Qb6 22. Re4 Qxb2 23. Rae1 Qxc2 24. h4 Rf7 25. h5 g5 26. f4 gxf4 27. Bxf4 Rg7 28.
R1e2 Qd3 29. Kh2 Rf8 30. Re6 c3 31. Rf2 Qc4 32. Bg3 c2 33. Qc1 Nb4 34. Re1 Nd3 0-1

[Event "World Rapid 2025"]
[Site "Doha QAT"]
[Date "2025.12.26"]
[Round "1.85"]
[White "Maksimovic, Bojan"]
[Black "Piliposyan, Robert"]
[Result "0-1"]
[WhiteTitle "GM"]
[BlackTitle "IM"]
[WhiteElo "2533"]
[BlackElo "2442"]
[WhiteFideId "14408120"]
[BlackFideId "13309978"]
[EventDate "2025.12.26"]
[EventType "rapid"]

1. d4 d5 2. Nf3 Nf6 3. Bg5 Ne4 4. Bh4 Qd6 5. c4 Qb4+ 6. Nbd2 c6 7. e3 Bg4 8. Qc2
e6 9. Bd3 Bxf3 10. gxf3 Nxd2 11. Qxd2 dxc4 12. Be4 Nd7 13. Qxb4 Bxb4+ 14. Ke2
Be7 15. Bg3 Nb6 16. Rhc1 Kd7 17. f4 h5 18. f5 h4 19. Bf4 Bd6 20. Bxd6 Kxd6 21.
fxe6 Kxe6 22. Rg1 g6 23. Rg5 a5 24. Rc5 a4 25. Bxc6 bxc6 26. Rxc6+ Kd5 27. Rxb6
Rhb8 28. Rxb8 Rxb8 29. Rb1 g5 30. f3 f5 31. Kd2 g4 32. fxg4 fxg4 33. Rf1 Rxb2+
34. Kc3 Rxh2 35. Rf5+ Ke6 36. e4 g3 37. d5+ Ke7 38. Rg5 g2 39. Kxc4 h3 40. e5
Rh1 41. d6+ Ke6 0-1